01076cam3a220027700 4500001001200000008004100012010002300053020001500076035001900091035002800110035002200138043001200160050001500172082001800187245010300205260003500308505017200343650006700515730001100582740004000593949004400633949004400677949005200721004000600773999001900779lce00747085710729m19719999iluabch 001 0 eng  a 71151797 //r842 a0874850495 a(Sirsi) r30334 a(DLC) 71151797 //r842 a(UPRA)lce00747085 an-us---0 aE185b.E23 a973/.04/9607300aEbony pictorial history of Black America,cby the editors of Ebony. Introd. by Lerone Bennett, Jr. aChicago,bJohnson Pub.,c1971-1 av. 1. African past to the Civil War.--v. 2. Reconstruction to Supreme Court decision 1954.--v. 3. Civil rights movement to Black revolution.--v. 4. The 1973 year book. 0aAfro-Americans -- History.xAfro-Americans -- History.6S290.20 aEbony.0 aPictorial history of Black America. aE185wlcci-34088mMAINtBOOKlON-SHELF aE185wlcci-34089mMAINtBOOKlON-SHELF aE185wlcci33729002078926mMAINtBOOKlON-SHELF30334 c201139d201139